000 01067nam a22002537a 4500
003 OSt
005 20260210094401.0
008 240916b ||||| |||| 00| 0 eng d
040 _c0
082 _aDPer 371.206005 J826 Winter-Spring 2023 v. 48 n. 3-4
100 _aBray, Nathaniel J.
_eauthor.
_961149
245 _aEmerging from COVID-19 :
_bthe 2022 report of finance and access issues /
_cNathaniel J. Bray, Garret A. Till, Mark M. D'Amico, and Stephen G. Katsinas.
260 _aIllinois ;
_bUniversity of Illinois Press ,
_cWinter 2023.
300 _aVolume 48, pages 251-266 :
_billustration ;
_c26 cm.
500 _aJournal of Education Finance, vol. 48, no. 3, pages 251-266, Winter 2023.
650 0 _a Access to education.
_968012
650 0 _aCOVID-19 Pandemic, 2020
_xInfluence.
_953481
650 0 _aEducational finance.
_964880
700 _aBray, Nathaniel J.
_eauthor.
_961149
700 _aTill, Garret A.
_eauthor.
_961150
700 _aD'amico, Mark M.
_eauthor.
_961151
700 _aKatsinas, Stephen G.
_eauthor.
_961152
942 _2ddc
_cPER
999 _c21679
_d21679